000 00612nam a2200229Ia 4500
003 OSt
005 20221006164544.0
006 a|||||r|||| 00| 0
007 ta
008 221006b |||||||| |||| 00| 0 eng d
024 _a1,952
037 _cTextual
040 _aFML
_cFML
_beng
041 _2eng
_aeng
082 _aV2:66 ' C, K2
100 _aPargiter F E Au.
_9677763
245 0 _aAncient Indian Historical Tradition
260 _aDelhi
_bMotilal Banarasidas
_c1962
300 _a368
_ccm.
942 _hV2:66 ' C, K2
_cTEXL
_2CC
999 _c1117648
_d1117648